[Event "Edward Lasker Memorial 99th"]
[Site "New York"]
[Date "2015.12.18"]
[Round "6"]
[White "Margiotta, Jason"]
[Black "Hellner, Wesley"]
[Result "1-0"]
[WhiteElo "1936"]
[BlackElo "1788"]
[PlyCount "120"]
[EventDate "2015.12.11"]
[EventType "swiss"]
[EventRounds "9"]
[EventCountry "USA"]
[SourceTitle "CBM 170 Extra"]
[Source "ChessBase"]
[SourceDate "2016.02.25"]
[SourceVersion "1"]
[SourceVersionDate "2016.02.25"]
[SourceQuality "1"]

1. d4 d5 2. c4 c6 3. Nc3 e6 4. e3 f5 5. Nf3 Nf6 6. Bd3 Bd6 7. 0-0 0-0 8. Bd2 Ne4 9. Ne5 Nd7 10. f4 Nxe5 11. fxe5 Be7 12. a3 Bd7 13. b4 Bg5 14. Ne2 Be8 15. Nf4 Bxf4 16. exf4 Nxd2 17. Qxd2 Bh5 18. Rfb1 Rb8 19. c5 a6 20. Rb3 Ra8 21. a4 Be8 22. Rab1 Bd7 23. b5 axb5 24. axb5 Ra4 25. bxc6 bxc6 26. Be2 Qa8 27. R1b2 Be8 28. Kf2 Ra1 29. Rb8 Qa4 30. Qb4 Qa7 31. Rb6 Ra4 32. Qd2 Ra1 33. Bd1 Qe7 34. g3 Qa7 35. Bb3 Ra3 36. Ra2 Rxa2 37. Bxa2 Bh5 38. Rb3 Qa6 39. Bb1 Rc8 40. Qb2 Bg4 41. Ra3 Qb5 42. Qxb5 cxb5 43. Ra6 Bd1 44. Rxe6 g6 45. Rb6 Ra8 46. Rxb5 Kf7 47. Ke1 Bf3 48. Kd2 Be4 49. Rb7+ Ke8 50. Bxe4 fxe4 51. Rb2 Kd7 52. Kc3 Kc6 53. h4 h5 54. Rb6+ Kc7 55. e6 Ra3+ 56. Kc2 Ra2+ 57. Kb3 Ra8 58. Rd6 Rb8+ 59. Kc3 Re8 60. Rxd5 Rxe6 1-0